<?xml version="1.0" encoding="UTF-8"?>
<record
    xmlns:xsi="http://www.w3.org/2001/XMLSchema-instance"
    xsi:schemaLocation="http://www.loc.gov/MARC21/slim http://www.loc.gov/standards/marcxml/schema/MARC21slim.xsd"
    xmlns="http://www.loc.gov/MARC21/slim">

  <leader>00254nam a22001097a 4500</leader>
  <controlfield tag="005">20230609111557.0</controlfield>
  <controlfield tag="008">230603b        |||||||| |||| 00| 0 eng d</controlfield>
  <datafield tag="022" ind1=" " ind2=" ">
    <subfield code="a">9770972517004</subfield>
  </datafield>
  <datafield tag="245" ind1=" " ind2=" ">
    <subfield code="a">EFFECTIVE EXECUTIVE</subfield>
  </datafield>
  <datafield tag="650" ind1=" " ind2=" ">
    <subfield code="a">MANAGEMENT</subfield>
    <subfield code="9">7859</subfield>
  </datafield>
  <datafield tag="942" ind1=" " ind2=" ">
    <subfield code="c">JRL</subfield>
  </datafield>
  <datafield tag="999" ind1=" " ind2=" ">
    <subfield code="c">8318</subfield>
    <subfield code="d">8316</subfield>
  </datafield>
  <datafield tag="952" ind1=" " ind2=" ">
    <subfield code="0">0</subfield>
    <subfield code="1">0</subfield>
    <subfield code="4">0</subfield>
    <subfield code="7">0</subfield>
    <subfield code="a">JRU</subfield>
    <subfield code="b">JRU</subfield>
    <subfield code="d">2023-06-09</subfield>
    <subfield code="e">PURCHASE</subfield>
    <subfield code="h">VOL-XIII  ISSUE NO.-1  MAR-2019</subfield>
    <subfield code="l">0</subfield>
    <subfield code="p">EE0001</subfield>
    <subfield code="r">2023-06-09 00:00:00</subfield>
    <subfield code="w">2023-06-09</subfield>
    <subfield code="y">JRL</subfield>
  </datafield>
  <datafield tag="952" ind1=" " ind2=" ">
    <subfield code="0">0</subfield>
    <subfield code="1">0</subfield>
    <subfield code="4">0</subfield>
    <subfield code="7">0</subfield>
    <subfield code="a">JRU</subfield>
    <subfield code="b">JRU</subfield>
    <subfield code="d">2023-06-09</subfield>
    <subfield code="e">PURCHASE</subfield>
    <subfield code="h">VOL-XIII  ISSUE NO.-2  JUNE -2019</subfield>
    <subfield code="l">0</subfield>
    <subfield code="p">EE0002</subfield>
    <subfield code="r">2023-06-09 00:00:00</subfield>
    <subfield code="w">2023-06-09</subfield>
    <subfield code="y">JRL</subfield>
  </datafield>
  <datafield tag="952" ind1=" " ind2=" ">
    <subfield code="0">0</subfield>
    <subfield code="1">0</subfield>
    <subfield code="4">0</subfield>
    <subfield code="7">0</subfield>
    <subfield code="a">JRU</subfield>
    <subfield code="b">JRU</subfield>
    <subfield code="d">2023-06-09</subfield>
    <subfield code="e">PURCHASE</subfield>
    <subfield code="h">VOL-XIII  ISSUE NO.-3 SEP-2019</subfield>
    <subfield code="l">0</subfield>
    <subfield code="p">EE0003</subfield>
    <subfield code="r">2023-06-09 00:00:00</subfield>
    <subfield code="w">2023-06-09</subfield>
    <subfield code="y">JRL</subfield>
  </datafield>
  <datafield tag="952" ind1=" " ind2=" ">
    <subfield code="0">0</subfield>
    <subfield code="1">0</subfield>
    <subfield code="4">0</subfield>
    <subfield code="7">0</subfield>
    <subfield code="a">JRU</subfield>
    <subfield code="b">JRU</subfield>
    <subfield code="d">2023-06-09</subfield>
    <subfield code="e">PURCHASE</subfield>
    <subfield code="h">VOL-XIII  ISSUE NO.-4  DEC-2019</subfield>
    <subfield code="l">0</subfield>
    <subfield code="p">EE0004</subfield>
    <subfield code="r">2023-06-09 00:00:00</subfield>
    <subfield code="w">2023-06-09</subfield>
    <subfield code="y">JRL</subfield>
  </datafield>
  <datafield tag="952" ind1=" " ind2=" ">
    <subfield code="0">0</subfield>
    <subfield code="1">0</subfield>
    <subfield code="4">0</subfield>
    <subfield code="7">0</subfield>
    <subfield code="a">JRU</subfield>
    <subfield code="b">JRU</subfield>
    <subfield code="d">2023-06-09</subfield>
    <subfield code="e">PURCHASE</subfield>
    <subfield code="h">VOL-XXIII  ISSUE NO.-1  MAR-2020</subfield>
    <subfield code="l">0</subfield>
    <subfield code="p">EE0005</subfield>
    <subfield code="r">2023-06-09 00:00:00</subfield>
    <subfield code="w">2023-06-09</subfield>
    <subfield code="y">JRL</subfield>
  </datafield>
  <datafield tag="952" ind1=" " ind2=" ">
    <subfield code="0">0</subfield>
    <subfield code="1">0</subfield>
    <subfield code="4">0</subfield>
    <subfield code="7">0</subfield>
    <subfield code="a">JRU</subfield>
    <subfield code="b">JRU</subfield>
    <subfield code="d">2023-06-09</subfield>
    <subfield code="e">PURCHASE</subfield>
    <subfield code="h">VOL-24  ISSUE NO.-3  SEP-2021</subfield>
    <subfield code="l">0</subfield>
    <subfield code="p">EE0006</subfield>
    <subfield code="r">2023-06-09 00:00:00</subfield>
    <subfield code="w">2023-06-09</subfield>
    <subfield code="y">JRL</subfield>
  </datafield>
  <datafield tag="952" ind1=" " ind2=" ">
    <subfield code="0">0</subfield>
    <subfield code="1">0</subfield>
    <subfield code="4">0</subfield>
    <subfield code="7">0</subfield>
    <subfield code="a">JRU</subfield>
    <subfield code="b">JRU</subfield>
    <subfield code="d">2023-06-09</subfield>
    <subfield code="e">PURCHASE</subfield>
    <subfield code="h">VOL-24   ISSUE NO.-4  DEC-2021</subfield>
    <subfield code="l">0</subfield>
    <subfield code="p">EE0007</subfield>
    <subfield code="r">2023-06-09 00:00:00</subfield>
    <subfield code="w">2023-06-09</subfield>
    <subfield code="y">JRL</subfield>
  </datafield>
</record>
